[Event "ITA-chT GpB 55th"]
[Site "Vasto"]
[Date "2024.04.11"]
[Round "5.19"]
[White "Basso, Pier Luigi"]
[Black "Garcia Palermo, Carlos H"]
[Result "1-0"]
[WhiteElo "2507"]
[BlackElo "2407"]
[PlyCount "115"]
[EventDate "2024.04.08"]
[EventType "team-tourn"]
[EventRounds "7"]
[EventCountry "ITA"]
[SourceTitle "CB16_2024"]
[SourceDate "2024.04.17"]
[SourceVersion "1"]
[SourceVersionDate "2024.04.17"]
[SourceQuality "1"]
[WhiteTeam "WorldtradingLab"]
[BlackTeam "Chieti"]
[WhiteTeamCountry "ITA"]
[BlackTeamCountry "ITA"]

1. d4 Nf6 2. c4 e6 3. Nf3 b6 4. g3 Bb7 5. Bg2 Be7 6. Nc3 Ne4 7. Bd2 Nxd2 8. Qxd2 d5 9. cxd5 exd5 10. Ne5 0-0 11. 0-0 a5 12. Rac1 Na6 13. Rfd1 Bb4 14. a3 Bxc3 15. Qxc3 Qd6 16. e3 f6 17. Nc6 Rf7 18. Rc2 Nb8 19. Nxb8 Rxb8 20. Rdc1 Ra8 21. b4 g6 22. Qb3 Kg7 23. Rc3 Ra7 24. Qc2 axb4 25. axb4 c6 26. Qb2 b5 27. Ra3 Bc8 28. Qa2 Rae7 29. Bxd5 cxd5 30. Rxc8 Qxb4 31. Raa8 Qd6 32. Rd8 Rd7 33. Rg8+ Kh6 34. Qe2 Qe6 35. Rge8 Qf5 36. Kg2 b4 37. g4 Qg5 38. h4 Qxh4 39. Ra1 Rb7 40. Rh1 Qxh1+ 41. Kxh1 b3 42. Qb2 Rfc7 43. Kg2 Rc2 44. Qa3 b2 45. Qf8+ Kg5 46. Re6 Rxf2+ 47. Kxf2 f5 48. Qd8+ Kxg4 49. Rb6 b1Q 50. Rxb1 Rxb1 51. Qxd5 Rb2+ 52. Ke1 h5 53. Qe6 h4 54. Qxg6+ Kf3 55. Qxf5+ Kxe3 56. Qe5+ Kf3 57. d5 Rb1+ 58. Kd2 1-0

[Event "San Vicente op 8th"]
[Site "San Vicente"]
[Date "2024.03.28"]
[Round "2"]
[White "Basso, Pier Luigi"]
[Black "Lever, Erwan"]
[Result "1-0"]
[WhiteElo "2503"]
[BlackElo "2245"]
[PlyCount "49"]
[EventDate "2024.03.27"]
[EventType "swiss"]
[EventRounds "9"]
[EventCountry "ESP"]
[SourceTitle "CB14_2024"]
[SourceDate "2024.04.01"]
[SourceVersion "1"]
[SourceVersionDate "2024.04.01"]
[SourceQuality "1"]

1. e4 c5 2. Nf3 e6 3. d4 cxd4 4. Nxd4 a6 5. c4 Nf6 6. Nc3 Qc7 7. a3 b6 8. Bd3 Bd6 9. h3 Nc6 10. Nxc6 dxc6 11. Be3 c5 12. 0-0 Be5 13. Ne2 Bb7 14. f4 Bd4 15. Nxd4 cxd4 16. Bxd4 Rd8 17. Bxf6 gxf6 18. Qe2 Rg8 19. Rad1 f5 20. b4 Rd4 21. Qf2 Bxe4 22. Bxe4 Rxe4 23. c5 Qb7 24. Rd2 bxc5 25. Qxc5 1-0

[Event "Nova Gorica op 28th"]
[Site "Nova Gorica"]
[Date "2024.01.29"]
[Round "5"]
[White "Basso, Pier Luigi"]
[Black "Goroshkov, Maksym"]
[Result "1-0"]
[WhiteElo "2482"]
[BlackElo "2338"]
[PlyCount "131"]
[EventDate "2024.01.26"]
[EventType "swiss"]
[EventRounds "9"]
[EventCountry "SLO"]
[SourceTitle "CB06_2024"]
[SourceDate "2024.02.07"]
[SourceVersion "1"]
[SourceVersionDate "2024.02.07"]
[SourceQuality "1"]

1. d4 d5 2. c4 e6 3. Nc3 Nf6 4. Nf3 Bb4 5. cxd5 exd5 6. Bg5 h6 7. Bh4 0-0 8. e3 c6 9. Bd3 Qd6 10. Qc2 Re8 11. 0-0 Bxc3 12. bxc3 Nbd7 13. c4 b6 14. Bg3 Qa3 15. cxd5 cxd5 16. Qb3 Qxb3 17. axb3 a5 18. b4 Ba6 19. b5 Bb7 20. Bf5 g6 21. Bh3 Nf8 22. Bc7 N6d7 23. Rfc1 Ne6 24. Rc3 Rac8 25. Rac1 a4 26. g3 Ra8 27. Bd6 Nf6 28. Ba3 Bc8 29. Bf1 Bb7 30. Ne5 Rac8 31. Nc6 Kg7 32. f3 Nd7 33. Kf2 f5 34. Bd6 Kh7 35. h4 h5 36. Ra3 Nd8 37. Rxa4 Nxc6 38. bxc6 Rxc6 39. Ra7 Rxc1 40. Rxb7 Ra8 41. Rxd7+ Kg8 42. g4 Ra2+ 43. Kg3 Rxf1 44. gxh5 gxh5 45. Kf4 Raf2 46. Kg5 Rxf3 47. Kf6 f4 48. e4 Re3 49. Be5 Rxe4 50. Rd8+ Kh7 51. Kf7 Rxe5 52. dxe5 Rg1 53. e6 Rg7+ 54. Kf6 f3 55. Rxd5 f2 56. Rxh5+ Kg8 57. Rf5 Kf8 58. Rxf2 Rg1 59. h5 Rh1 60. Rf5 Rh2 61. h6 Ke8 62. Kg6 Ke7 63. h7 Kxe6 64. Rh5 Rg2+ 65. Kh6 Kf7 66. h8Q 1-0

[Event "Lorca op 12th"]
[Site "Lorca"]
[Date "2023.12.28"]
[Round "4"]
[White "Fiorito, Francisco"]
[Black "Basso, Pier Luigi"]
[Result "0-1"]
[WhiteElo "2370"]
[BlackElo "2483"]
[PlyCount "120"]
[EventDate "2023.12.26"]
[EventType "swiss"]
[EventRounds "9"]
[EventCountry "ESP"]
[SourceTitle "CB01_2024"]
[SourceDate "2024.01.03"]
[SourceVersion "1"]
[SourceVersionDate "2024.01.03"]
[SourceQuality "1"]

1. Nf3 d5 2. b3 c6 3. Bb2 Bf5 4. g3 h6 5. Bg2 e6 6. 0-0 Nf6 7. d3 Be7 8. Nbd2 0-0 9. Qe1 Bh7 10. e4 a5 11. a3 Na6 12. Qe2 Re8 13. e5 Nd7 14. Nd4 Qb6 15. a4 Nxe5 16. Qxe5 Bf6 17. Qe3 c5 18. N2f3 cxd4 19. Bxd4 Bxd4 20. Nxd4 Nb4 21. Rac1 Rac8 22. Nb5 Qxe3 23. fxe3 Red8 24. c3 Nxd3 25. Ra1 Ne5 26. Rfc1 b6 27. Ra2 Bd3 28. Rd2 Bxb5 29. axb5 f5 30. c4 dxc4 31. Rxd8+ Rxd8 32. bxc4 Rc8 33. Bf1 Kf7 34. c5 Rxc5 35. Rxc5 bxc5 36. b6 Nd7 37. b7 Ke7 38. Kf2 Kd6 39. Bb5 Nb8 40. Bc4 e5 41. e4 Kc7 42. exf5 Kxb7 43. g4 Kc7 44. h4 Kd6 45. g5 hxg5 46. hxg5 Nd7 47. Kf3 a4 48. Ke4 Nf8 49. Bg8 a3 50. Kd3 Nh7 51. f6 g6 52. Kc2 Nxg5 53. Kb3 e4 54. Kxa3 e3 55. Bc4 Ke5 56. Kb3 Kxf6 57. Bd3 Ne6 58. Kc3 Nf4 59. Ba6 Kg5 60. Bc8 Kh4 0-1

[Event "Isola del Sole op"]
[Site "Grado"]
[Date "2023.09.30"]
[Round "9"]
[White "Basso, Pier Luigi"]
[Black "Perossa, Nicolas"]
[Result "1-0"]
[WhiteElo "2493"]
[BlackElo "2265"]
[PlyCount "103"]
[EventDate "2023.09.23"]
[EventType "swiss"]
[EventRounds "9"]
[EventCountry "ITA"]
[SourceTitle "EXT 2024"]
[Source "ChessBase"]
[SourceDate "2023.10.10"]
[SourceVersion "1"]
[SourceVersionDate "2023.10.10"]
[SourceQuality "1"]

1. d4 Nf6 2. c4 g6 3. Nc3 Bg7 4. e4 d6 5. Nf3 0-0 6. Bd3 e5 7. d5 a5 8. 0-0 Na6 9. a3 Nc5 10. Bc2 Bd7 11. b3 Qe8 12. Rb1 Nh5 13. Re1 h6 14. Be3 a4 15. b4 Nb3 16. Bxb3 axb3 17. Qxb3 f5 18. Nb5 Bxb5 19. cxb5 fxe4 20. Nd2 Qxb5 21. Nxe4 Nf4 22. Nc3 Qd3 23. Rbd1 Qf5 24. Bxf4 exf4 25. Nb5 f3 26. Qxf3 Qxf3 27. gxf3 Rxf3 28. Rc1 Raf8 29. Re2 Be5 30. Rxc7 Rd3 31. Rxb7 h5 32. Kg2 h4 33. h3 g5 34. Re3 Rxe3 35. fxe3 Bg3 36. Nc3 Rf2+ 37. Kg1 Rf3 38. Ne4 Be5 39. Nxg5 Rg3+ 40. Kf2 Rxg5 41. a4 Bg3+ 42. Ke2 Rf5 43. b5 Rf2+ 44. Kd3 Rb2 45. a5 Rb3+ 46. Kc2 Ra3 47. a6 Bf2 48. a7 Bxe3 49. Rb8+ Kf7 50. a8Q Rxa8 51. Rxa8 Kf6 52. Re8 1-0

[Event "Isola del Sole op"]
[Site "Grado"]
[Date "2023.09.28"]
[Round "7"]
[White "Jobava, Baadur"]
[Black "Basso, Pier Luigi"]
[Result "1/2-1/2"]
[WhiteElo "2581"]
[BlackElo "2493"]
[PlyCount "30"]
[EventDate "2023.09.23"]
[EventType "swiss"]
[EventRounds "9"]
[EventCountry "ITA"]
[SourceTitle "EXT 2024"]
[Source "ChessBase"]
[SourceDate "2023.10.10"]
[SourceVersion "1"]
[SourceVersionDate "2023.10.10"]
[SourceQuality "1"]

1. d4 d5 2. c4 e6 3. Nc3 Be7 4. cxd5 exd5 5. Bf4 Nf6 6. e3 0-0 7. Nf3 c5 8. dxc5 Bxc5 9. Be2 Nc6 10. 0-0 a6 11. h3 d4 12. exd4 Nxd4 13. Nxd4 Bxd4 14. Rc1 b5 15. Bf3 Ra7 1/2-1/2

[Event "Trieste op 25th"]
[Site "Trieste"]
[Date "2023.09.05"]
[Round "6"]
[White "Basso, Pier Luigi"]
[Black "Murphy, Conor"]
[Result "1/2-1/2"]
[WhiteElo "2493"]
[BlackElo "2468"]
[PlyCount "79"]
[EventDate "2023.09.02"]
[EventType "swiss"]
[EventRounds "9"]
[EventCountry "ITA"]
[SourceTitle "EXT 2024"]
[Source "ChessBase"]
[SourceDate "2023.10.10"]
[SourceVersion "1"]
[SourceVersionDate "2023.10.10"]
[SourceQuality "1"]

1. d4 Nf6 2. c4 e6 3. Nf3 d5 4. Nc3 Be7 5. Bf4 0-0 6. e3 Nbd7 7. Be2 dxc4 8. 0-0 a6 9. a4 c5 10. d5 Nxd5 11. Nxd5 exd5 12. Qxd5 Nf6 13. Qxd8 Rxd8 14. Bxc4 Nd5 15. Bg5 Kf8 16. Rfc1 f6 17. Bh4 Nb4 18. e4 Bg4 19. Ra3 Bxf3 20. Rxf3 Rd4 21. Re3 Rad8 22. f3 Rd2 23. b3 Nc2 24. Re2 Rd1+ 25. Rxd1 Rxd1+ 26. Kf2 Nd4 27. Rb2 b5 28. axb5 axb5 29. Bd5 g5 30. Bg3 c4 31. bxc4 b4 32. f4 g4 33. Bh4 b3 34. c5 Bxc5 35. Bxf6 Rd3 36. Bxd4 Bxd4+ 37. Ke2 Re3+ 38. Kd2 Bxb2 39. Kxe3 Bc1+ 40. Kd3 1/2-1/2

[Event "Casablanca Mohammed op 4th"]
[Site "Casablanca"]
[Date "2023.08.15"]
[Round "2"]
[White "Basso, Pier Luigi"]
[Black "Pichot, Alan"]
[Result "1/2-1/2"]
[WhiteElo "2496"]
[BlackElo "2642"]
[PlyCount "68"]
[EventDate "2023.08.14"]
[EventType "swiss"]
[EventRounds "9"]
[EventCountry "MAR"]
[SourceTitle "CBM 215 Extra"]
[Source "ChessBase"]
[SourceDate "2023.09.30"]
[SourceVersion "1"]
[SourceVersionDate "2023.09.30"]
[SourceQuality "1"]

1. d4 Nf6 2. c4 e6 3. Nf3 d5 4. Nc3 Bb4 5. cxd5 exd5 6. Bg5 h6 7. Bh4 0-0 8. e3 Bf5 9. Be2 c5 10. dxc5 Bxc3+ 11. bxc3 Nbd7 12. Qd4 Qe7 13. Bxf6 Nxf6 14. Nd2 Rfc8 15. Nb3 a5 16. Bb5 Ne4 17. a4 Qg5 18. Kf1 Qh4 19. Ra2 Qe7 20. Ke2 Nxc5 21. Nxc5 Rxc5 22. Rc1 Rac8 23. Rd2 Be4 24. f3 Bf5 25. Kf2 Be6 26. h3 R5c7 27. Ra2 Qd6 28. Rac2 Qa3 29. g4 Qd6 30. Kg2 Bd7 31. Rb1 Rc5 32. Bxd7 Qxd7 33. Rd2 Qc6 34. Rb3 Rxc3 1/2-1/2